00328nam a2200121 a 4500008004100000020001500041050001600056100001800072245003800090260005000128300001900178350000900197120416s0000 ||||||||||||||||| || u a0906322022 aHF 5635 Fra aFrankel, M. R14aThe preparation of group accounts aLondonbFinancial Training Publicationsc1979 av, 259p. : ill a0.00